000 00382pab a2200145 454500
008 180718b xxu||||| |||| 00| 0 eng d
100 _aSamuel, M.J.
245 _aBeneficiaries of UIP
650 _a Vaccination
650 _a Universal Immunization Programme
650 _aHealth Services - India - Karnataka
700 _aP.H., Rayappa
773 _aSocial Change
909 _a21365
999 _c21365
_d21365